00396 2200157 4500001002100000005001500021035002000036008004100056245003400097260002900131300002200160084001600182082001000198650001600208990001400224INLIS00000000000000620260413015621 a0010-0317000004260413 0  a100 tahun perminyakan di Cepu aCepu :bPPT Migas,c1994 a174 hlm. ;c30 cm a665.5 Pus s a665.5 aminyak bumi a338197111